<?xml version="1.0" encoding="UTF-8"?>
<record
    xmlns:xsi="http://www.w3.org/2001/XMLSchema-instance"
    xsi:schemaLocation="http://www.loc.gov/MARC21/slim http://www.loc.gov/standards/marcxml/schema/MARC21slim.xsd"
    xmlns="http://www.loc.gov/MARC21/slim">

  <leader>01170nam a2200301 a 4500</leader>
  <controlfield tag="003">DO-SdBNP</controlfield>
  <controlfield tag="005">20260305074000.0</controlfield>
  <controlfield tag="007">ta</controlfield>
  <controlfield tag="008">220525e2009    dr a|||grc||| 00| 0dspa d</controlfield>
  <datafield tag="040" ind1=" " ind2=" ">
    <subfield code="a">DO-SdBNP</subfield>
    <subfield code="b">spa</subfield>
    <subfield code="c">BNPHU</subfield>
  </datafield>
  <datafield tag="082" ind1=" " ind2="4">
    <subfield code="2">22</subfield>
    <subfield code="b">P649b</subfield>
  </datafield>
  <datafield tag="100" ind1=" " ind2=" ">
    <subfield code="a">Pineda, Miguel</subfield>
    <subfield code="d">1962</subfield>
    <subfield code="9">81682</subfield>
  </datafield>
  <datafield tag="245" ind1=" " ind2=" ">
    <subfield code="a">Miguel Pineda:</subfield>
    <subfield code="b">briznas de la memoria /</subfield>
    <subfield code="c">Miguel Pineda; Texto,Danilo de los Santos...[et. al]; Fotograf&#xED;a, Virgilio F&#xE9;lix; </subfield>
  </datafield>
  <datafield tag="260" ind1=" " ind2=" ">
    <subfield code="a">Santo Domingo :</subfield>
    <subfield code="b">Palacio Consistorial,</subfield>
    <subfield code="c">2009</subfield>
  </datafield>
  <datafield tag="300" ind1=" " ind2=" ">
    <subfield code="a">60 p. :</subfield>
    <subfield code="b">il. ;</subfield>
    <subfield code="c">26 cm.</subfield>
  </datafield>
  <datafield tag="500" ind1=" " ind2=" ">
    <subfield code="a">Incluye datos biogr&#xE1;ficos del autor, p. 53- 55.</subfield>
  </datafield>
  <datafield tag="500" ind1=" " ind2=" ">
    <subfield code="a">Incluye bibliograf&#xED;a y notas al pi&#xE9; de p&#xE1;ginas.</subfield>
  </datafield>
  <datafield tag="650" ind1=" " ind2=" ">
    <subfield code="a">Arte dominicano</subfield>
    <subfield code="v">Exposiciones</subfield>
    <subfield code="x">Cat&#xE1;logos</subfield>
    <subfield code="y">Siglo XX </subfield>
    <subfield code="9">81688</subfield>
  </datafield>
  <datafield tag="650" ind1=" " ind2=" ">
    <subfield code="a">Exposicion</subfield>
    <subfield code="v">Pintura</subfield>
    <subfield code="x">Rep&#xFA;blica Dominicana.</subfield>
    <subfield code="9">81684</subfield>
  </datafield>
  <datafield tag="700" ind1="1" ind2=" ">
    <subfield code="a">Santos, Danilo de los,</subfield>
    <subfield code="d">1943-2018</subfield>
    <subfield code="e">texto</subfield>
    <subfield code="9">10278</subfield>
  </datafield>
  <datafield tag="700" ind1="1" ind2=" ">
    <subfield code="a">L&#xF3;pez Mel&#xE9;ndez, Amable</subfield>
    <subfield code="e">texto</subfield>
    <subfield code="9">25471</subfield>
  </datafield>
  <datafield tag="700" ind1="1" ind2=" ">
    <subfield code="a">Tolentino, Marianne de,</subfield>
    <subfield code="d">1951</subfield>
    <subfield code="e">texto</subfield>
    <subfield code="9">73333</subfield>
  </datafield>
  <datafield tag="700" ind1="1" ind2=" ">
    <subfield code="9">57625</subfield>
    <subfield code="a">Gil, Laura,</subfield>
    <subfield code="e">texto</subfield>
  </datafield>
  <datafield tag="700" ind1="1" ind2=" ">
    <subfield code="a">Ger&#xF3;n, Candido,</subfield>
    <subfield code="d">1948-</subfield>
    <subfield code="e">texto</subfield>
    <subfield code="9">3577</subfield>
  </datafield>
  <datafield tag="700" ind1="1" ind2=" ">
    <subfield code="a">F&#xE9;lix, Virgilio,</subfield>
    <subfield code="e">fotogr.</subfield>
    <subfield code="9">81681</subfield>
  </datafield>
  <datafield tag="910" ind1=" " ind2=" ">
    <subfield code="a">MFeliz</subfield>
  </datafield>
  <datafield tag="942" ind1=" " ind2=" ">
    <subfield code="2">ddc</subfield>
    <subfield code="c">LBS1</subfield>
  </datafield>
  <datafield tag="952" ind1=" " ind2=" ">
    <subfield code="0">0</subfield>
    <subfield code="1">0</subfield>
    <subfield code="2">ddc</subfield>
    <subfield code="5">1</subfield>
    <subfield code="7">0</subfield>
    <subfield code="8">PD</subfield>
    <subfield code="a">BNPHU</subfield>
    <subfield code="b">BNPHU</subfield>
    <subfield code="c">HD</subfield>
    <subfield code="d">2022-01-25</subfield>
    <subfield code="e">Donado por Despacho BNPHU</subfield>
    <subfield code="l">0</subfield>
    <subfield code="o">P649b</subfield>
    <subfield code="p">2022-2414</subfield>
    <subfield code="r">2022-05-25</subfield>
    <subfield code="w">2022-05-25</subfield>
    <subfield code="y">LBS1</subfield>
  </datafield>
  <datafield tag="999" ind1=" " ind2=" ">
    <subfield code="c">51820</subfield>
    <subfield code="d">51820</subfield>
  </datafield>
</record>
